Normal view MARC view
  • World politics

Entry Topical Term

Number of records used in: 0

001 - CONTROL NUMBER

  • control field: 426

003 - CONTROL NUMBER IDENTIFIER

  • control field: KE-NaSUL

005 - DATE AND TIME OF LATEST TRANSACTION

  • control field: 20170124114727.0

008 - FIXED-LENGTH DATA ELEMENTS

  • fixed length control field: 170124|| aca||aabn | a|a d

040 ## - CATALOGING SOURCE

  • Original cataloging agency: KE-NaSUL
  • Transcribing agency: KE-NaSUL

150 ## - HEADING--TOPICAL TERM

  • Topical term or geographic name as entry element: World politics
  • Chronological subdivision: 1945-1989.

670 ## - SOURCE DATA FOUND

  • Source citation: Work cat.: (KE-NaSUL)311170: Yahuda, Michael B. 425, The international politics of the Asia-Pacific /, 2011.

© Strathmore University Library
Madaraka Estate, Ole Sangale Road | P. O. Box 59857 - 00200 City Square, Nairobi, Kenya
(+254) (0)703 034 000/200/300 | (+254) (0)20-607498